[Event "Mexico City Jose Marti 5th"]
[Site "Mexico City"]
[Date "2013.10.15"]
[Round "2"]
[White "Villanueva Garciacano, Manuel"]
[Black "Sandoval Mercado, Carlos"]
[Result "0-1"]
[WhiteElo "1918"]
[BlackElo "1849"]
[PlyCount "46"]
[EventDate "2013.10.14"]
[EventType "tourn"]
[EventRounds "5"]
[EventCountry "MEX"]
[SourceTitle "EXT 2018"]
[Source "ChessBase"]
[SourceDate "2017.10.13"]
[SourceVersion "1"]
[SourceVersionDate "2017.10.13"]
[SourceQuality "1"]

1. e4 c5 2. Nf3 e6 3. d3 d5 4. Nbd2 Nc6 5. g3 Be7 6. Bg2 Nf6 7. 0-0 0-0 8. Re1 Qc7 9. Qe2 b6 10. e5 Nd7 11. Nf1 f6 12. Bf4 Ndxe5 13. Nxe5 fxe5 14. Bxe5 Nxe5 15. Qxe5 Qxe5 16. Rxe5 Bf6 17. Rxd5 exd5 18. Bxd5+ Be6 19. Bxe6+ Kh8 20. c3 Rfe8 21. Bd5 Rad8 22. Be4 c4 23. Rd1 Rxe4 0-1

[Event "Fide Mercenarios 57th"]
[Site "Mexico City"]
[Date "2001.??.??"]
[Round "2"]
[White "Villanueva Garciacano, Manuel"]
[Black "Ortega Calzada, Jesus Jose"]
[Result "1/2-1/2"]
[WhiteElo "2070"]
[BlackElo "2015"]
[PlyCount "100"]
[EventDate "2001.??.??"]
[EventType "swiss"]
[EventRounds "5"]
[EventCountry "MEX"]
[SourceTitle "EXT 2003"]
[Source "ChessBase"]
[SourceDate "2002.11.25"]
[SourceVersion "1"]
[SourceVersionDate "2002.11.25"]
[SourceQuality "1"]

1. e4 e5 2. Nf3 Nc6 3. Bb5 a6 4. Bxc6 dxc6 5. 0-0 Qd6 6. d4 exd4 7. Nxd4 c5 8. Nb3 Qxd1 9. Rxd1 Bd7 10. Bf4 0-0-0 11. Nc3 Nf6 12. f3 Re8 13. Rd2 h6 14. Rad1 g5 15. Bg3 Be6 16. Be5 Be7 17. Nd5 Bxd5 18. exd5 c4 19. Nd4 Rh7 20. Nf5 Nd7 21. Bg3 Bc5+ 22. Kf1 Ne5 23. d6 cxd6 24. Nxd6+ Bxd6 25. Rxd6 f5 26. R6d5 f4 27. Bf2 Rhe7 28. Bb6 Nd7 29. Ba5 b6 30. Bb4 Rf7 31. Rd6 Rh7 32. Rc6+ Kb7 33. Rxc4 a5 34. Bc3 Nc5 35. Bxa5 Ra8 36. Bb4 Rxa2 37. Bxc5 bxc5 38. Rxc5 Rxb2 39. Rc1 Rd7 40. Re5 Rd6 41. Re2 Rc6 42. Kf2 Kc7 43. g3 fxg3+ 44. hxg3 Rc3 45. Kg2 Ra2 46. Re6 Rcxc2+ 47. Rxc2+ Rxc2+ 48. Kh3 Rc1 49. Kg4 Rh1 50. Kf5 Rh3 1/2-1/2

[Event "Fide Mercenarios 51st"]
[Site "Mexico City"]
[Date "2000.09.19"]
[Round "2"]
[White "Gongora Montes, Benjamin"]
[Black "Villanueva Garciacano, Manuel"]
[Result "1-0"]
[WhiteElo "2243"]
[BlackElo "2105"]
[PlyCount "59"]
[EventDate "2000.12.??"]
[EventType "tourn"]
[EventRounds "13"]
[EventCountry "MEX"]
[SourceTitle "EXT 2002"]
[Source "ChessBase"]
[SourceDate "2001.11.25"]
[SourceVersion "1"]
[SourceVersionDate "2001.11.25"]
[SourceQuality "1"]

1. e4 c5 2. Nf3 d6 3. d4 cxd4 4. Nxd4 Nf6 5. Nc3 Nc6 6. Bc4 Bd7 7. Bb3 g6 8. f3 Bg7 9. Be3 0-0 10. Qd2 Nxd4 11. Bxd4 Be6 12. Bxe6 fxe6 13. 0-0-0 Qa5 14. Kb1 b5 15. h4 Rfc8 16. h5 Rc4 17. Bxf6 Bxf6 18. hxg6 hxg6 19. Qh6 Rb4 20. Qxg6+ Kf8 21. Rd3 Rxb2+ 22. Kxb2 b4 23. Kc1 bxc3 24. Kd1 Qxa2 25. Rh7 Qb1+ 26. Ke2 Qxc2+ 27. Ke3 Qc1+ 28. Kf2 Qc2+ 29. Kg3 Be5+ 30. Kh3 1-0